[Event "Isola d'Elba op 29th"]
[Site "Capoliveri "]
[Date "2011.05.12"]
[Round "7"]
[White "Guerrini, Donato"]
[Black "Naumkin, Igor"]
[Result "0-1"]
[WhiteElo "2011"]
[BlackElo "2506"]
[PlyCount "54"]
[EventDate "2011.05.07"]
[EventType "swiss"]
[EventRounds "9"]
[EventCountry "ITA"]
[SourceTitle "EXT 2014"]
[Source "ChessBase"]
[SourceDate "2013.11.20"]
[SourceVersion "1"]
[SourceVersionDate "2013.11.20"]
[SourceQuality "1"]

1. Nf3 Nf6 2. g3 d5 3. Bg2 c5 4. c4 d4 5. d3 Nc6 6. Bf4 Nd7 7. Na3 e5 8. Bd2 Be7 9. Nc2 0-0 10. a3 f5 11. b4 e4 12. Ng1 Nf6 13. Nh3 Ne5 14. Bf4 Ng6 15. Bg5 h6 16. Bd2 Rb8 17. bxc5 Bxc5 18. Bb4 b6 19. Rb1 Bb7 20. 0-0 Qd7 21. Bxc5 bxc5 22. Rb5 Rbc8 23. Qd2 Ba8 24. Nf4 Ne5 25. h4 exd3 26. Bxa8 Rxa8 27. Rxc5 Ne4 0-1

[Event "Isola d'Elba op 29th"]
[Site "Capoliveri "]
[Date "2011.05.11"]
[Round "6"]
[White "Albanesi, Roberto"]
[Black "Guerrini, Donato"]
[Result "0-1"]
[WhiteElo "1980"]
[BlackElo "2011"]
[PlyCount "64"]
[EventDate "2011.05.07"]
[EventType "swiss"]
[EventRounds "9"]
[EventCountry "ITA"]
[SourceTitle "EXT 2014"]
[Source "ChessBase"]
[SourceDate "2013.11.20"]
[SourceVersion "1"]
[SourceVersionDate "2013.11.20"]
[SourceQuality "1"]

1. e4 e6 2. d4 d5 3. Nc3 Nf6 4. Bg5 Bb4 5. e5 h6 6. exf6 hxg5 7. fxg7 Rg8 8. h4 gxh4 9. Qh5 Qf6 10. a3 Ba5 11. Qh7 Qxg7 12. Qxg7 Rxg7 13. Rxh4 Nd7 14. Rh8+ Nf8 15. Nf3 Bd7 16. g3 0-0-0 17. Bd3 Ng6 18. Rxd8+ Kxd8 19. Kd2 Bb6 20. Rh1 c5 21. dxc5 Bxc5 22. Ke1 Bc6 23. b4 Bb6 24. Bb5 Kd7 25. Rh2 e5 26. Rh5 f6 27. Nh4 Nxh4 28. Rxh4 Bxb5 29. Nxb5 Ke6 30. Nc3 Rc7 31. Kd2 Bxf2 32. Rg4 Be1+ 0-1

[Event "Isola d'Elba op 29th"]
[Site "Capoliveri "]
[Date "2011.05.10"]
[Round "5"]
[White "Guerrini, Donato"]
[Black "De Giorgis, Georges"]
[Result "1-0"]
[WhiteElo "2011"]
[BlackElo "1758"]
[PlyCount "85"]
[EventDate "2011.05.07"]
[EventType "swiss"]
[EventRounds "9"]
[EventCountry "ITA"]
[SourceTitle "EXT 2014"]
[Source "ChessBase"]
[SourceDate "2013.11.20"]
[SourceVersion "1"]
[SourceVersionDate "2013.11.20"]
[SourceQuality "1"]

1. Nf3 c5 2. g3 Nc6 3. Bg2 e6 4. d3 Nf6 5. c4 d5 6. Na3 a6 7. 0-0 d4 8. Nc2 e5 9. e4 Be7 10. Bd2 0-0 11. a3 a5 12. b4 axb4 13. axb4 Rxa1 14. Qxa1 Bg4 15. bxc5 Bxf3 16. Bxf3 Bxc5 17. Rb1 b6 18. Qa4 Qa8 19. Qb5 Na7 20. Qb3 Nc6 21. Bg2 h6 22. f4 Ng4 23. Bh3 Ne3 24. Ne1 f6 25. Be6+ Kh8 26. f5 Qd8 27. Nf3 Qc7 28. Nh4 Kh7 29. Ng6 Qd6 30. Nxf8+ Qxf8 31. Qb5 Nd8 32. Qd7 Nxe6 33. fxe6 Qe7 34. Qxe7 Bxe7 35. Rxb6 Bc5 36. Rc6 Ba3 37. c5 Kg6 38. e7 Kf7 39. Re6 Ke8 40. c6 Bxe7 41. c7 Kd7 42. Rxe7+ Kc8 43. Ba5 1-0

[Event "Isola d'Elba op 27th"]
[Site "Capoliveri"]
[Date "2009.05.??"]
[Round "7"]
[White "Guerrini, Donato"]
[Black "Petrolo, Mauro"]
[Result "1-0"]
[WhiteElo "2032"]
[BlackElo "1946"]
[PlyCount "99"]
[EventDate "2009.05.10"]
[EventType "swiss"]
[EventRounds "9"]
[EventCountry "ITA"]
[SourceTitle "EXT 2011"]
[Source "ChessBase"]
[SourceDate "2010.11.26"]
[SourceVersion "1"]
[SourceVersionDate "2010.11.26"]
[SourceQuality "1"]

1. Nf3 Nc6 2. d4 d6 3. d5 Nb8 4. c4 g6 5. Nc3 Bg7 6. Qc2 Nf6 7. Rb1 a5 8. a3 0-0 9. e4 c6 10. Be3 Qc7 11. h3 Bd7 12. Bd3 Na6 13. b4 axb4 14. axb4 c5 15. Nb5 Qc8 16. e5 Nxb4 17. Rxb4 cxb4 18. exf6 Ra1+ 19. Ke2 Rxh1 20. fxg7 Re8 21. Nfd4 Qd8 22. Ne6 Qa5 23. Nbd4 b3 24. Nxb3 Qe1+ 25. Kf3 Ra8 26. Ned4 Qb4 27. Bd2 Qb6 28. Bc3 Ra3 29. Qb2 Ra8 30. Ne2 Ba4 31. Bc2 e5 32. dxe6 Bc6+ 33. Kg3 fxe6 34. Nf4 e5 35. Bxe5 dxe5 36. Qxe5 Re8 37. Qd6 Qd8 38. Qc5 Qf6 39. Nd5 Qe5+ 40. f4 Qe1+ 41. Kg4 h5+ 42. Kg5 Qg3+ 43. Kh6 Rhe1 44. Nf6+ Kf7 45. g8Q+ Rxg8 46. Nxg8 Re8 47. Qd6 Rxg8 48. Qc7+ Kf6 49. Qe5+ Kf7 50. Nc5 1-0